00372nam a2200097Ia 4500008004100000040002900041050003100070100002300101245010800124260004200232230222s9999||||xx |||||||||||||| ||und|| cChuka University Library aBSL THE HG 1381 bN53 2011 aNjage,Jane Gatakaa 0aFactors influencing teacher's resistance to performance contracting :a case of Embu East District,kenya aChuka University CollegebChukac2011